| 000 | 00646nam a2200241 a 4500 | ||
|---|---|---|---|
| 003 | AR-BaBNM | ||
| 005 | 20251128204701.0 | ||
| 008 | 082120s2002 ||||||||||||||000 | spa|| | ||
| 020 | _a84-604-5210-7 | ||
| 040 | _cAR-BaBNM | ||
| 100 | 1 | _aEspejo Cala, Carmen | |
| 245 | 0 | 0 |
_aVĂctimas de la espera _bla narrativa de Antonio Di Benedetto |
| 260 |
_aSevilla _bVicerrectorado de Huelva _c1993 |
||
| 300 | _a213 p. | ||
| 650 | 4 | _aLITERATURA ARGENTINA | |
| 650 | 4 | _aCRITICA LITERARIA | |
| 650 | 4 | _aINVESTIGACION LITERARIA | |
| 650 | 4 | _aANALISIS LITERARIO | |
| 653 | _aCOSTUMBRISMO | ||
| 655 | _aLITERATURA | ||
| 942 | _cBK | ||
| 998 | _cisola | ||
| 999 |
_c8399 _d8399 |
||